<?xml version="1.0" encoding="UTF-8"?>
<record
    xmlns:xsi="http://www.w3.org/2001/XMLSchema-instance"
    xsi:schemaLocation="http://www.loc.gov/MARC21/slim http://www.loc.gov/standards/marcxml/schema/MARC21slim.xsd"
    xmlns="http://www.loc.gov/MARC21/slim">

  <leader>00396nam a22001697a 4500</leader>
  <datafield tag="999" ind1=" " ind2=" ">
    <subfield code="c">10648</subfield>
    <subfield code="d">10648</subfield>
  </datafield>
  <controlfield tag="003">OSt</controlfield>
  <controlfield tag="008">210520b           ||||| |||| 00| 0 eng d</controlfield>
  <datafield tag="020" ind1=" " ind2=" ">
    <subfield code="a">9789386418630</subfield>
  </datafield>
  <datafield tag="100" ind1=" " ind2=" ">
    <subfield code="a">KAUSHIK,Anubha</subfield>
  </datafield>
  <datafield tag="245" ind1=" " ind2=" ">
    <subfield code="a">Perspectives in Environmental Studies </subfield>
  </datafield>
  <datafield tag="250" ind1=" " ind2=" ">
    <subfield code="a">6th</subfield>
  </datafield>
  <datafield tag="260" ind1=" " ind2=" ">
    <subfield code="a">New Delhi</subfield>
    <subfield code="b">New Age</subfield>
  </datafield>
  <datafield tag="300" ind1=" " ind2=" ">
    <subfield code="a">357</subfield>
  </datafield>
  <datafield tag="650" ind1=" " ind2=" ">
    <subfield code="a">Applied Sc</subfield>
  </datafield>
  <datafield tag="700" ind1=" " ind2=" ">
    <subfield code="a">KAUSHIK,CP</subfield>
  </datafield>
  <datafield tag="942" ind1=" " ind2=" ">
    <subfield code="2">ddc</subfield>
    <subfield code="c">BK</subfield>
    <subfield code="0">8</subfield>
  </datafield>
  <datafield tag="952" ind1=" " ind2=" ">
    <subfield code="0">0</subfield>
    <subfield code="1">0</subfield>
    <subfield code="2">ddc</subfield>
    <subfield code="4">0</subfield>
    <subfield code="7">0</subfield>
    <subfield code="8">APPLIED</subfield>
    <subfield code="a">PIET</subfield>
    <subfield code="b">PIET</subfield>
    <subfield code="d">2021-04-15</subfield>
    <subfield code="e">Kirti Praskshan</subfield>
    <subfield code="f">IN Rupees</subfield>
    <subfield code="g">299.00</subfield>
    <subfield code="k">IN2047</subfield>
    <subfield code="l">15</subfield>
    <subfield code="o">333.7 KAP</subfield>
    <subfield code="p">32870</subfield>
    <subfield code="r">2025-06-28 00:00:00</subfield>
    <subfield code="s">2025-06-23</subfield>
    <subfield code="v">209.30</subfield>
    <subfield code="w">2021-04-15</subfield>
    <subfield code="y">BK</subfield>
  </datafield>
  <datafield tag="952" ind1=" " ind2=" ">
    <subfield code="0">0</subfield>
    <subfield code="1">0</subfield>
    <subfield code="2">ddc</subfield>
    <subfield code="4">0</subfield>
    <subfield code="7">0</subfield>
    <subfield code="8">APPLIED</subfield>
    <subfield code="a">PIET</subfield>
    <subfield code="b">PIET</subfield>
    <subfield code="d">2021-04-15</subfield>
    <subfield code="e">Kirti Praskshan</subfield>
    <subfield code="f">IN Rupees</subfield>
    <subfield code="g">299.00</subfield>
    <subfield code="k">IN2047</subfield>
    <subfield code="l">13</subfield>
    <subfield code="o">333.7 KAP</subfield>
    <subfield code="p">32871</subfield>
    <subfield code="r">2025-06-03 00:00:00</subfield>
    <subfield code="s">2025-05-20</subfield>
    <subfield code="v">209.30</subfield>
    <subfield code="w">2021-04-15</subfield>
    <subfield code="y">BK</subfield>
  </datafield>
  <datafield tag="952" ind1=" " ind2=" ">
    <subfield code="0">0</subfield>
    <subfield code="1">0</subfield>
    <subfield code="2">ddc</subfield>
    <subfield code="4">0</subfield>
    <subfield code="7">0</subfield>
    <subfield code="8">APPLIED</subfield>
    <subfield code="a">PIET</subfield>
    <subfield code="b">PIET</subfield>
    <subfield code="d">2021-04-15</subfield>
    <subfield code="e">Kirti Praskshan</subfield>
    <subfield code="f">IN Rupees</subfield>
    <subfield code="g">299.00</subfield>
    <subfield code="k">IN2047</subfield>
    <subfield code="l">0</subfield>
    <subfield code="o">333.7 KAP</subfield>
    <subfield code="p">32872</subfield>
    <subfield code="r">2021-05-20 00:00:00</subfield>
    <subfield code="v">209.30</subfield>
    <subfield code="w">2021-04-15</subfield>
    <subfield code="y">REF</subfield>
  </datafield>
  <datafield tag="952" ind1=" " ind2=" ">
    <subfield code="0">0</subfield>
    <subfield code="1">0</subfield>
    <subfield code="2">ddc</subfield>
    <subfield code="4">0</subfield>
    <subfield code="7">0</subfield>
    <subfield code="8">APPLIED</subfield>
    <subfield code="a">PIET</subfield>
    <subfield code="b">PIET</subfield>
    <subfield code="d">2021-04-15</subfield>
    <subfield code="e">Kirti Praskshan</subfield>
    <subfield code="f">IN Rupees</subfield>
    <subfield code="g">299.00</subfield>
    <subfield code="k">IN2047</subfield>
    <subfield code="l">9</subfield>
    <subfield code="o">333.7 KAP</subfield>
    <subfield code="p">32873</subfield>
    <subfield code="r">2025-12-22 00:00:00</subfield>
    <subfield code="s">2025-09-26</subfield>
    <subfield code="v">209.30</subfield>
    <subfield code="w">2021-04-15</subfield>
    <subfield code="y">BK</subfield>
  </datafield>
  <datafield tag="952" ind1=" " ind2=" ">
    <subfield code="0">0</subfield>
    <subfield code="1">0</subfield>
    <subfield code="2">ddc</subfield>
    <subfield code="4">0</subfield>
    <subfield code="7">0</subfield>
    <subfield code="8">APPLIED</subfield>
    <subfield code="a">PIET</subfield>
    <subfield code="b">PIET</subfield>
    <subfield code="d">2021-04-15</subfield>
    <subfield code="e">Kirti Praskshan</subfield>
    <subfield code="f">IN Rupees</subfield>
    <subfield code="g">299.00</subfield>
    <subfield code="k">IN2047</subfield>
    <subfield code="l">13</subfield>
    <subfield code="o">333.7 KAP</subfield>
    <subfield code="p">32874</subfield>
    <subfield code="r">2025-06-03 00:00:00</subfield>
    <subfield code="s">2025-05-20</subfield>
    <subfield code="v">209.30</subfield>
    <subfield code="w">2021-04-15</subfield>
    <subfield code="y">BK</subfield>
  </datafield>
</record>
